000 00987nam a2200229Ia 4500
999 _c37559
_d37559
001 3527
003 GE_BSU
005 20190530203405.0
008 181216s1994|||| |||||||||||||| ||geo||
040 _cGE_BSU
041 _ageo
080 _a620.1:539.4(042.4) დ-19
100 _aდანელია, დ.
_91888
245 _aმასალათა გამძლეობა : მეორე ნაწილი : ლექციების კონსპექტი /
_cდ. დანელია ; ზ. მაძაღუა ; გ . ხაზალია ; რედ : ც.არსენიძე.
264 _aთბილისი :
_bსტუ,
_c1994.
300 _a72 გვ .:
_c20 სმ.
653 _aმასალათა გამძლეობა
700 _aმაძაღუა,ზ
_91889
700 _aხაზალია, გ
_91890
700 _aარსენიძე, ც
_eრედაქტორი
_91557
942 _cBK
_2udc